| Поле | Название | Значение |
| |
Тип записи |
a |
| |
Библиографический уровень |
m |
| 001 |
Контрольный номер |
RU/URAIT/588325 |
| 005 |
Дата корректировки |
20260429163638.9 |
| 008 |
Кодируемые данные |
260429s2026 RU y f j 000 0 rus u |
| 020 |
Индекс ISBN |
__ |
| a |
ISBN |
978-5-534-14223-5 |
| c |
Цена, тираж |
2139.00 |
| 040 |
Источник каталогиз. |
__ |
| a |
Служба первич. каталог. |
ИКО Юрайт |
| c |
Служба, преобразующая запись |
ИКО Юрайт |
| e |
Правила каталог. |
RCR |
| 041 |
Код языка издания |
__ |
| a |
Код языка текста |
rus |
| 044 |
Код страны публикации |
__ |
| a |
Код страны публикации |
RU |
| 080 |
Индекс УДК |
__ |
| a |
Индекс УДК |
316.7(075.8) |
| 084 |
Индекс другой классификации/Индекс ББК |
__ |
| 2 |
Источник индекса |
rubbk |
| a |
Индекс другой классификации/Индекс ББК |
71я73 |
| 100 |
Автор |
__ |
| a |
Автор |
Хренов Н. А. |
| q |
Полное имя |
Хренов Николай Андреевич |
| 245 |
Заглавие |
__ |
| a |
Заглавие |
Теория аудитории медиа: публика в истории культуры |
| b |
Продолж. заглавия |
учебник для вузов |
| c |
Ответственность |
Н. А. Хренов. |
| 250 |
Сведения об издании |
__ |
| g |
|
испр. и доп |
| a |
Основные сведения об издании |
2-е изд. |
| 256 |
Характеристики компьютерного файла |
__ |
| a |
Характеристики компьютерного файла |
Электрон. дан. |
| 260 |
Выходные данные |
__ |
| a |
Место издания |
Москва |
| b |
Издательство |
Юрайт |
| c |
Дата издания |
2026 |
| 300 |
Физическое описание |
__ |
| a |
Объем |
411 с |
| 440 |
Серия |
__ |
| a |
Серия |
Высшее образование |
| 500 |
Примечания |
__ |
| a |
Примечание |
URL: https://urait.ru/bcode/588325 (дата обращения: 29.04.2026). |
| 520 |
Аннотация |
__ |
| a |
Аннотация |
В монографии исследуется проблематика социального функционирования искусства в истории. Придерживаясь междисциплинарной методологии, автор ставит своей целью преодоление разрыва, существующего между социологическими и историческими подходами, между синхронией и диахронией в исследовании публики. Представители рецептивной эстетики как авторитетного научного направления успели превратить публику в активное звено истории искусства. Исходя из аналогичных представлений и независимо от исследований по рецептивной эстетике, автор доказывает, что в исследование как публики, так и проблем социального функционирования искусства в целом значительный вклад должны внести историческая социология и историческая социальная психология. Таким образом, разработан отечественный вариант исследования публики как активного звена художественного процесса, определяющего социальные функции искусства. Определяя публику как коммуникативную общность, ее историю автор соотносит историей коммуникации, демонстрируя, как возникшие в культуре ХХ века новые технологии определили исключительный этап в истории не только публики, но и культуры в целом. Исследуя социологические , социально-психологические и исторические аспекты публики, автор предпринимает также ее культурологическую интерпретацию, превращая публику в предмет исследования теории и истории культуры. Предназначена для искусствоведов, культурологов, эстетиков и всех тех, кто проявляет интерес к проблеме социального функционирования искусства. |
| 538 |
Прим. о системных особенностях |
__ |
| a |
Прим. о системных особенностях |
Режим доступа: Электронно-библиотечная система Юрайт, для авториз. пользователей |
| 653 |
Ключевые слова |
__ |
| a |
Ключевые слова |
Культура. Культурология |
| 653 |
Ключевые слова |
__ |
| a |
Ключевые слова |
Гуманитарные науки |
| 653 |
Ключевые слова |
__ |
| a |
Ключевые слова |
Культурология |
| 653 |
Ключевые слова |
__ |
| a |
Ключевые слова |
Социология культуры |
| 653 |
Ключевые слова |
__ |
| a |
Ключевые слова |
Культурология (включая религиоведение и культурологические основы СМИ) |
| 653 |
Ключевые слова |
__ |
| a |
Ключевые слова |
Аудитория новых медиа: социальные характеристики, особенности информационного поведения |
| 653 |
Ключевые слова |
__ |
| a |
Ключевые слова |
Исследования аудиторий средств массовой информации |
| 653 |
Ключевые слова |
__ |
| a |
Ключевые слова |
Практика исследований медиа-аудитории |
| 653 |
Ключевые слова |
__ |
| a |
Ключевые слова |
Теория аудитории медиа (аудиториология) |
| 653 |
Ключевые слова |
__ |
| a |
Ключевые слова |
Современная социология культуры |
| 653 |
Ключевые слова |
__ |
| a |
Ключевые слова |
Культурологические основы СМИ |
| 653 |
Ключевые слова |
__ |
| a |
Ключевые слова |
Культурологические основы средств массовой информации |
| 653 |
Ключевые слова |
__ |
| a |
Ключевые слова |
СМИ в культурологическом аспекте |
| 653 |
Ключевые слова |
__ |
| a |
Ключевые слова |
Социология культуры и СМИ |
| 653 |
Ключевые слова |
__ |
| a |
Ключевые слова |
Основы культурологии |
| 653 |
Ключевые слова |
__ |
| a |
Ключевые слова |
Диалог с массовой аудиторией |
| 653 |
Ключевые слова |
__ |
| a |
Ключевые слова |
Введение в культурологию |
| 653 |
Ключевые слова |
__ |
| a |
Ключевые слова |
Культуроведение. Общие вопросы |
| 653 |
Ключевые слова |
__ |
| a |
Ключевые слова |
Аудитория СМИ как объект исследования |
| 653 |
Ключевые слова |
__ |
| a |
Ключевые слова |
Проблемы развития современной социологии культуры |
| 653 |
Ключевые слова |
__ |
| a |
Ключевые слова |
История и теория культуры и медиа |
| 856 |
Электронный адрес документа |
40 |
| n |
Местонахождение сервера |
Юрайт |
| g |
|
Электронная книга |
| q |
Тип электронного формата |
html |
| h |
Имя пользователя |
ЮРАЙТ |
| v |
Часы доступа к ресурсу |
20271231 |
| 2 |
Способ доступа |
Показать документ |
| x |
Служебное примечание |
https://urait.ru/book/cover/76CC77C2-BE92-4D6C-BC5A-D2D04581F757 |
| u |
URL |
https://urait.ru/bcode/588325 |
| 856 |
Электронный адрес документа |
48 |
| q |
Тип электронного формата |
cover |
| u |
URL |
https://urait.ru/book/cover/76CC77C2-BE92-4D6C-BC5A-D2D04581F757 |
| 911 |
|
__ |
| u |
|
0030=https://urait.ru/bcode/588325 |
| 911 |
|
__ |
| u |
|
073a=9785534142235 |
| u |
|
073d=2139.00 |
| 911 |
|
__ |
| u |
|
106a=s |
| 911 |
|
__ |
| u |
|
900l= |
| 952 |
Тип литературы |
__ |
| i |
Дисциплина |
Культурология |
| 952 |
Тип литературы |
__ |
| i |
Дисциплина |
Социология культуры |
| 952 |
Тип литературы |
__ |
| i |
Дисциплина |
Культурология (включая религиоведение и культурологические основы СМИ) |
| 952 |
Тип литературы |
__ |
| i |
Дисциплина |
Аудитория новых медиа: социальные характеристики, особенности информационного поведения |
| 952 |
Тип литературы |
__ |
| i |
Дисциплина |
Исследования аудиторий средств массовой информации |
| 952 |
Тип литературы |
__ |
| i |
Дисциплина |
Практика исследований медиа-аудитории |
| 952 |
Тип литературы |
__ |
| i |
Дисциплина |
Теория аудитории медиа (аудиториология) |
| 952 |
Тип литературы |
__ |
| i |
Дисциплина |
Современная социология культуры |
| 952 |
Тип литературы |
__ |
| i |
Дисциплина |
Культурологические основы СМИ |
| 952 |
Тип литературы |
__ |
| i |
Дисциплина |
Культурологические основы средств массовой информации |
| 952 |
Тип литературы |
__ |
| i |
Дисциплина |
СМИ в культурологическом аспекте |
| 952 |
Тип литературы |
__ |
| i |
Дисциплина |
Социология культуры и СМИ |
| 952 |
Тип литературы |
__ |
| i |
Дисциплина |
Основы культурологии |
| 952 |
Тип литературы |
__ |
| i |
Дисциплина |
Диалог с массовой аудиторией |
| 952 |
Тип литературы |
__ |
| i |
Дисциплина |
Введение в культурологию |
| 952 |
Тип литературы |
__ |
| i |
Дисциплина |
Культуроведение. Общие вопросы |
| 952 |
Тип литературы |
__ |
| i |
Дисциплина |
Аудитория СМИ как объект исследования |
| 952 |
Тип литературы |
__ |
| i |
Дисциплина |
Проблемы развития современной социологии культуры |
| 952 |
Тип литературы |
__ |
| i |
Дисциплина |
История и теория культуры и медиа |